Biblioteca

El comentario popular, que incluye anotaciones sobre el Nuevo Testamento (Registro nro. 31726)

Detalles MARC
000 -LÍDER
Campo fijo de descripción fija 01026aam a2200241 4500
001 - NÚMERO DE CONTROL
Campo de control 189
003 - IDENTIFICADOR DEL NÚMERO DE CONTROL
Campo de control CO-MdFUSB
005 - FECHA Y HORA DE LA ULTIMA TRANSACCIÓN
control field 20171110112646.0
008 - ELEMENTOS DE LONGITUD FIJA -- INFORMACIÓN GENERAL
Campo fijo de descripción fija -- Información general 170417t1962 xxu||||| |||| 00| 0 spa d
040 ## - FUENTE DE CATALOGACIÓN
Agencia de catalogación original CO-MdFUSB
Idioma de catalogación spa
Agencia que realiza la transcripción CO-MdFUSB
Agencia que realiza la modificación CO-MdFUSBC
Convenciones de la descripción rda
041 0# - CÓDIGO DE IDIOMA
Código de idioma para texto/pista de sonido o título separado spa
082 04 - NÚMERO DE CLASIFICACIÓN DECIMAL DEWEY
Número de clasificación G 225.7 B6141c
100 1# - ASIENTO PRINCIPAL--NOMBRE PERSONAL
Nombre personal Binney, Amos
Término relacionador autor
245 03 - TÍTULO
Título del Material El comentario popular, que incluye anotaciones sobre el Nuevo Testamento
Mención de responsabilidad, etc. / Amos Binney, Daniel Steele; Sergio Franco, Traductor
264 #4 - PRODUCCIÓN, PUBLICACIÓN, DISTRIBUCIÓN, MANUFACTURA, Y COPYRIGHT
Lugar de producción, publicación, distribución, manufactura Kansas City, Missouri:
Nombre del productor, publicador, distribuidor Casa Nazarena,
Fecha de producción, publicación, distribución, manufactura, o copyright © 1962
300 ## - DESCRIPCIÓN FÍSICA
Extensión 677 Pag.
336 ## - TIPO DE CONTENIDO
Fuente rdacontent
Término de tipo de contenido texto
Código de tipo de contenido txt
337 ## - TIPO DE MEDIO
Fuente rdamedia
Nombre del tipo de medio sin mediación
Código del tipo de medio n
338 ## - TIPO DE SOPORTE
Fuente rdacarrier
Nombre del tipo de soporte volumen
Código Tipo de soporte nc
505 00 - NOTA DE CONTENIDO
Nota de contenido con formato preestablecido Vol. 1 : Desde Mateo hasta Hechos. Vol. 2 : Desde Romanos hasta Apocalipsis. Con referencias copiosas a los pasaje bíblicos paralelos e ilustrativos, con el fin de ayudar a los estudiantes de la Biblia y demás lectores a entender el significado de la Palabra de Dios.
630 07 - TITULO UNIFORME
Título uniforme Biblia.
Nombre de parte o sección de la obra Nuevo Testamento
942 ## - TIPO DE MATERIAL (KOHA)
Tipo de Item KOHA Libros General
Existencias
Estado de Material Estado de Perdido Forma de Clasificación Estado de Dañado No para Préstamo Colección Tomo Biblioteca de Origen Biblioteca Permanente Fecha de Adquisición Total de Préstamos Signatura Topográfica Código de Barras Última vez visto Ejemplar/Existencia Fecha de Remplazo Tipo de Material Última vez Préstado
    Dewey Decimal Classification     Colección General   Biblioteca FUSBC Biblioteca FUSBC 02/09/2004   G 225.7 B6141c 8377 12/12/2019 Vol.1,ej.1 26/01/2016 Libros General  
    Dewey Decimal Classification     Colección General   Biblioteca FUSBC Biblioteca FUSBC 02/09/2004 1 G 225.7 B6141c 8380 18/09/2024 Vol.2,ej.2 26/01/2016 Libros General 18/05/2018
    Dewey Decimal Classification     Colección General   Biblioteca FUSBC Biblioteca FUSBC 02/09/2004 1 G 225.7 B6141c 8379 07/05/2022 Vol.2,ej.1 26/01/2016 Libros General 04/05/2022
    Dewey Decimal Classification     Colección General   Biblioteca FUSBC Biblioteca FUSBC 02/09/2004   G 225.7 B6141c 8378 12/12/2019 Vol.1,ej.2 26/01/2016 Libros General  

Biblioteca FUSBC | Teléfono: (57+4) 349 88 10 Ext. 141| WhatsApp (+57) 3005338115 
E-mail: biblioteca@unisbc.edu.co | Calle 76 87-14 Robledo Palenque, Medellín, Colombia

Con tecnología Koha